| 000 | 00351nam a2200133Ia 4500 | ||
|---|---|---|---|
| 008 | 230724s2011 xx und d | ||
| 020 | _a978 81 239 1506 7 | ||
| 041 | _aeng | ||
| 082 | _a624.15 | ||
| 100 | _aMURTHY V.N.S. | ||
| 245 | _aADVANCED FOUNDATION ENGINEERING GEOTECHNICAL ENGINEERING | ||
| 260 |
_bC.B.S. PUBLISERS _c2011 |
||
| 300 | _a795 | ||
| 999 |
_c1175059 _d1175059 |
||